000 00531nam a2200217 a 4500
005 20210219153353.0
008 991125n 000 0 spa u
035 _aUPN01000094547
100 _aVALENZUELA J., Arturo
222 _aEL MAESTRO
245 _aProgramas de adiestramiento en planta
300 _a53-61
362 _a1970 No. 20, jun.
653 0 _aCAPACITACION
653 0 _aEDUCACION TECNICA
653 0 _aINDUSTRIA
653 0 _aMEXICO
653 0 _aTRABAJO
904 _aAC
_b032358
905 _aArticulo
999 _c75163
_d75163